The letters of the Earl of Chesterfield to his son /

Bibliographic Details
Main Author: Chesterfield, Philip Dormer Stanhope, Earl of, 1694-1773
Other Authors: Strachey, Charles, Calthrop, Annette
Format: Book
Language:English
Published: New York : London : Putnam ; Methuen, 1927.
Subjects:

MARC

Tag First Indicator Second Indicator Subfields
LEADER 00000cam a2200000 4500
001 in00000021626
005 20151007063654.0
008 800703s1927 nyu 00000 eng d
010 |a  26026954  
035 |a (OCoLC)06483727 
035 |9 AAD7958AM 
040 |a TXA  |c TXA  |d UtOrBLW 
049 |a TXAM  |v 1 [37002]  |v 2 [37003] 
090 |a BJ1671  |b .C53 1927 
092 |a 826  |b C525 
100 1 |a Chesterfield, Philip Dormer Stanhope,  |c Earl of,  |d 1694-1773. 
245 1 4 |a The letters of the Earl of Chesterfield to his son /  |c Edited with an introduction by Charles Strachey and with notes by Annette Calthrop. 
264 1 |a New York :  |b Putnam ;  |a London :  |b Methuen,  |c 1927. 
300 |a 2 volumes ;  |c 19 cm. 
336 |a text  |b txt  |2 rdacontent 
337 |a unmediated  |b n  |2 rdamedia 
338 |a volume  |b nc  |2 rdacarrier 
650 0 |a Conduct of life. 
700 1 |a Strachey, Charles. 
700 1 |a Calthrop, Annette. 
999 |a MARS 
999 f f |s 0ae28830-0d3b-3e22-a590-9006cee31516  |i f18afe3d-a251-38a0-9ad1-a87503ad6c27  |t 0 
952 f f |p ric  |a Texas A&M University  |b Rellis Campus  |c Joint Library Facility  |d Remote Storage  |t 0  |e BJ1671 .C53 1927  |h Library of Congress classification  |i unmediated -- volume  |k v.2  |m A14801341618 
952 f f |p ric  |a Texas A&M University  |b Rellis Campus  |c Joint Library Facility  |d Remote Storage  |t 0  |e BJ1671 .C53 1927  |h Library of Congress classification  |i unmediated -- volume  |k v.1  |m A14801341600 
998 f f |a BJ1671 .C53 1927  |s v.1-2  |t 0  |l Remote Storage